(Khmer) Jayavarman VII / (Record no. 46027)
| 000 -LEADER | |
|---|---|
| fixed length control field | 00289nam a2200109 4500 |
| 020 ## - INTERNATIONAL STANDARD BOOK NUMBER | |
| International Standard Book Number | 9789996305467 |
| 245 ## - TITLE STATEMENT | |
| Title | (Khmer) Jayavarman VII / |
| Statement of responsibility, etc | Hedwige Multzer o'Naghten. |
| 260 ## - PUBLICATION, DISTRIBUTION, ETC. (IMPRINT) | |
| Place of publication, distribution, etc | Cambodia: |
| Name of publisher, distributor, etc | Sipar, |
| 300 ## - PHYSICAL DESCRIPTION | |
| Extent | 44 p. |
| 490 ## - SERIES STATEMENT | |
| Series statement | I want to Know the life of... |
| 942 ## - ADDED ENTRY ELEMENTS (KOHA) | |
| Source of classification or shelving scheme | |
| Koha item type | Khmer NON FIC Books |
| Withdrawn status | Lost status | Source of classification or shelving scheme | Damaged status | Not for loan | Collection code | Home library | Current library | Date acquired | Total Checkouts | Full call number | Barcode | Date last seen | Date checked out | Price effective from | Koha item type | Shelving location |
|---|---|---|---|---|---|---|---|---|---|---|---|---|---|---|---|---|
| Asian Hope Secondary Library | Asian Hope Secondary Library | 10/09/2023 | 7 | KHMER 959.6 ONA | 205416 | 01/16/2026 | 08/20/2024 | 10/09/2023 | Khmer NON FIC Books | |||||||
| Siem Riep | Asian Hope Secondary Library | Asian Hope Secondary Library | 08/07/2025 | KHMER 959.6 ONA | 208302 | 01/16/2026 | 08/07/2025 | Khmer NON FIC Books |